Arsenal Invincibles - Statistics

General Stats
  • This quiz has been taken 79 times
  • The average score is 8 of 11
Answer Stats
Position Player % Correct
FW Thierry Henry
96%
FW Dennis Bergkamp
87%
GK Jens Lehmann
83%
MF Patrick Vieira
81%
DF Ashley Cole
80%
MF Robert Pirès
80%
DF Sol Campbell
80%
MF Freddie Ljungberg
67%
DF Lauren
54%
DF Kolo Touré
52%
MF Gilberto Silva
46%
No matching quizzes found
Score Distribution
Percent of People with Each Score
Percentile by Number Answered
Your Score History
You have not taken this quiz